Etiqueta de registo: 00000nam 2200025 450
001 1971611
003 http://id.bnportugal.gov.pt/bib/catbnp/1971611
010 ## $a978-989-51-9679-1
021 ## $aPT$b417271/16
100 ## $a20170914d2017 m y0pory01030103ba
101 0# $apor
102 ## $aPT
105 ## $ay z 000zy
106 ## $ar
200 1# $aSimplesmente... histórias$fFortunada Fialho
205 ## $a1ª ed
210 #9 $aLisboa$cChiado Editora,$d2017
215 ## $a231, [3] p.$d22 cm
225 2# $aViagens na ficção
675 ## $a929Fialho, Fortunata$vBN$zpor$31691430
675 ## $a821.134.3-94"20"$vBN$zpor$31565850
700 #1 $aFialho,$bFortunata$31691206
801 #0 $aPT$bBN$gRPC
856 41 $uhttp://rnod.bnportugal.gov.pt/ImagesBN/winlibimg.aspx?skey=&doc=1971611&img=98546&save=true
900 ## $aBIBNAC$d20171002
966 ## $lBN$mFGMON$sH.G. 74499 V.$x1
966 ## $lBN$mFGMON$sH.G. 74499 V.-D$x1
Etiqueta de registo: 00000nam 2200025 450
001 2033198
003 http://id.bnportugal.gov.pt/bib/catbnp/2033198
010 ## $a978-989-563-076-9
021 ## $aPT$b457797/19
100 ## $a20191113d2019 m y0pory01030103ba
101 0# $apor
102 ## $aPT
105 ## $ay z 000gy
106 ## $ar
200 1# $aPoesia colorida$fFortunata Fialho
205 ## $a1ª ed
210 #9 $a[S.l.]$cPoesia Fã Clube,$d2019
215 ## $a90, [3] p.$d18 cm
675 ## $a821.134.3-1"20"$vBN$zpor$31023893
700 #1 $aFialho,$bFortunata$31691206
801 #0 $aPT$bBN$gRPC
856 41 $uhttp://rnod.bnportugal.gov.pt/ImagesBN/winlibimg.aspx?skey=&doc=2033198&img=132104&save=true
900 ## $aBIBNAC$d20191128
966 ## $lBN$mFGMON$sL. 115481 P.$x1
Etiqueta de registo: 00000nam 2200025 450
001 2033192
003 http://id.bnportugal.gov.pt/bib/catbnp/2033192
010 ## $a978-989-8954-54-1
021 ## $aPT$b450057/18
100 ## $a20191113d2019 m y0pory01030103ba
101 0# $apor
102 ## $aPT
105 ## $ay z 000gy
106 ## $ar
200 1# $aQuero um poema...$fFortunata Fialho
205 ## $a1ª ed
210 #9 $a[S.l.]$cPoesia Fã Clube,$d2019
215 ## $a90, [3] p.$d18 cm
675 ## $a821.134.3-1"20"$vBN$zpor$31023893
700 #1 $aFialho,$bFortunata$31691206
801 #0 $aPT$bBN$gRPC
856 41 $uhttp://rnod.bnportugal.gov.pt/ImagesBN/winlibimg.aspx?skey=&doc=2033192&img=133291&save=true
900 ## $aBIBNAC$d20191220
966 ## $lBN$mFGMON$sL. 115555 P.$x1
Etiqueta de registo: 00000nam 2200025 450
001 2065834
003 http://id.bnportugal.gov.pt/bib/catbnp/2065834
010 ## $a978-989-563-306-7
021 ## $aPT$b476606/20
100 ## $a20210408d2020 c y0pory01030103ba
101 0# $apor
102 ## $aPT
105 ## $ay z 000zy
106 ## $ar
200 1# $a A soma dos nossos dias$fFortunata Fialho
205 ## $a1ª ed
210 #9 $a[S.l.]$cPoesia Fã Clube,$d2020
215 ## $a70 p.$d19 cm
675 ## $a929Fialho, Fortunata$vBN$zpor$31691430
675 ## $a821.134.3-94"20"$vBN$zpor$31565850
700 #1 $aFialho,$bFortunata$31691206
801 #0 $aPT$bBN$gRPC
856 41 $uhttp://rnod.bnportugal.gov.pt/ImagesBN/winlibimg.aspx?skey=&doc=2065834&img=148447&save=true
900 ## $aBIBNAC$d20210428
966 ## $lBN$mFGMON$sH.G. 42000 P.$x1
Etiqueta de registo: 00000nam 2200025 450
001 2065816
003 http://id.bnportugal.gov.pt/bib/catbnp/2065816
010 ## $a978-989-563-304-3
021 ## $aPT$b476605/20
100 ## $a20210408d2020 c y0pory01030103ba
101 0# $apor
102 ## $aPT
105 ## $ay z 000yy
106 ## $ar
200 1# $aAbraços de palavras$fFortunata Fialho
205 ## $a1ª ed
210 #9 $a[S.l.]$cPoesia Fã Clube,$d2020
215 ## $a68, [3] p.$d19 cm
675 ## $a821.134.3-1"20"$vBN$zpor$31023893
700 #1 $aFialho,$bFortunata$31691206
801 #0 $aPT$bBN$gRPC
856 41 $uhttp://rnod.bnportugal.gov.pt/ImagesBN/winlibimg.aspx?skey=&doc=2065816&img=149340&save=true
900 ## $aBIBNAC$d20210517
966 ## $lBN$mFGMON$sL. 116314 P.$x1
Etiqueta de registo: 00000nam 2200025 450
001 2167943
003 http://id.bnportugal.gov.pt/bib/catbnp/2167943
010 ## $a978-989-569-758-8
021 ## $aPT$b527653/24
100 ## $a20240524d2024 m y0pory01030103ba
101 0# $apor
102 ## $aPT
105 ## $ay z 000gy
106 ## $ar
200 1# $aPalavras são pássaros$fFortunata Fialho
205 ## $a1ª ed
210 #9 $a[S.l.]$cPoesia Fã Clube,$d2024
215 ## $a99, [4] p.$d23 cm
675 ## $a821.134.3-1"20"$vBN$zpor$31023893
700 #1 $aFialho,$bFortunata$31691206
801 #0 $aPT$bBN$gRPC
856 41 $uhttp://rnod.bnportugal.gov.pt/ImagesBN/winlibimg.aspx?skey=&doc=2167943&img=194027&save=true
900 ## $aBIBNAC$d20240712
966 ## $lBN$mFGMON$sL. 171179 V.$x1
971 ## $corlando$d20240524
972 ## $d20240712$e0$vlrevez$z0
973 ## $cacosta$d20240527
Etiqueta de registo: 00000nam 2200025 450
001 2176114
003 http://id.bnportugal.gov.pt/bib/catbnp/2176114
010 ## $a978-989-569-836-3
021 ## $aPT$b533764/24
100 ## $a20240808d2024 c y0pory01030103ba
101 0# $apor
102 ## $aPT
105 ## $aa z 000fy
106 ## $ar
200 1# $a A descoberta da bondade$e a jornada da jovem cientista$fFortunata Fialho
205 ## $a1ª ed
210 #9 $a[S.l.]$cArtelogy,$d2024
215 ## $a23 p.$cil.$d21 cm
225 2# $aBea&Di
675 ## $a087.5$vBN$zpor$3287999
675 ## $a821.134.3-93"20"$vBN$zpor$31046482
700 #1 $aFialho,$bFortunata$31691206
801 #0 $aPT$bBN$gRPC
856 41 $uhttp://rnod.bnportugal.gov.pt/ImagesBN/winlibimg.aspx?skey=&doc=2176114&img=196961&save=true
900 ## $aBIBNAC$d20240903
966 ## $lBN$mFGMON$sP. 67131 V.$x1
971 ## $corlando$d20240808
972 ## $d20240903$e0$vlrevez$z0
973 ## $ctrodrigues$d20240812
975 ## $e0$d20240905$viraminhos
Etiqueta de registo: 00254nam 2200025 450
001 2211386
003 http://id.bnportugal.gov.pt/bib/catbnp/2211386
010 ## $a978-989-588-029-4
021 ## $aPT$b544497/25
100 ## $a20250414d2025 m y0pory01030103ba
101 0# $apor$aeng
102 ## $aPT
105 ## $ay z 000gy
106 ## $ar
200 1# $aMomentos que não esperam$dMoments that don't wait$fFortunata Fialho$zeng
205 ## $a1ª ed
210 #9 $a[S.l.]$cArtelogy,$d2025
215 ## $a59, [3] p.$d23 cm
225 2# $aEst
305 ## $aEd. bilingue em português e inglês
510 1# $aMoments that don't wait$zeng
675 ## $a821.134.3-1"20"$vBN$zpor$31023893
700 #1 $aFialho,$bFortunata$31691206
801 #0 $aPT$bBN$gRPC
856 41 $uhttp://rnod.bnportugal.gov.pt/ImagesBN/winlibimg.aspx?skey=&doc=2211386&img=207657&save=true
900 ## $aBIBNAC$d20250520
966 ## $lBN$mFGMON$sL. 176559 V.$x1
971 ## $corlando$d20250414
972 ## $e0$z0$d20250520$vasantos
973 ## $cigoulao$d20250513